Bundesliga 25/26 - Statistics

Estatísticas Gerais
  • Esse quiz foi jogado 46 vezes
  • A pontuação média é 11 de 18
Estatísticas das Respostas
Times % Correto
Bayern München
100%
Borussia Dortmund
100%
Borussia Mönchengladbach
92%
Bayer Leverkusen
87%
Hamburg
74%
Werder Bremen
74%
Wolfsburg
74%
RB Leipzig
71%
Union Berlin
63%
Eintracht Frankfurt
58%
Colônia
50%
Mainz
50%
Stuttgart
50%
Freiburg
42%
Augsburg
39%
Hoffenheim
39%
St. Pauli
37%
Heidenheim
21%
Nenhum quiz correspondente encontrado
Distribuição das Pontuações
Porcentagem de Pessoas com Cada Pontuação
Percentil de Números Respondidos
Sua Pontuação Histórica
Você não jogou esse quiz